Normal view
MARC view
- Jaising. S
Entry Personal Name
001 - CONTROL NUMBER
- control field: 5034
003 - CONTROL NUMBER IDENTIFIER
- control field: OSt
005 - DATE AND TIME OF LATEST TRANSACTION
- control field: 20180118162305.0
008 - FIXED-LENGTH DATA ELEMENTS
- fixed length control field: 180118|| aca||aabn | a|a d
040 ## - CATALOGING SOURCE
- Original cataloging agency: OSt
- Transcribing agency: OSt
100 ## - HEADING--PERSONAL NAME
- Personal name: Jaising. S
670 ## - SOURCE DATA FOUND
- Source citation: Work cat.: (OSt): Jaising. S, Environmental Education, 2009